000
00273nam a22001217a 4500
008
181219b xxu||||| |||| 00| 0 eng d
041
_a
eng
080
_a
030
100
_a
24
101
_a
ENC
245
_a
Encyclopedia Corporations .
_c
Fletcher p
942
_2
udc
_c
BK
999
_c
53530
_d
53530